=LDR 00000nam 2200000 4500 =001 NUTBA000000000004951 =005 20141014154156.0 =006 =007 =008 =020 ##$$a 978-602-855-398-8 =035 ##$$a 0010-101400000000181 =040 ##$$a NBPDMAT =090 ##$$a 394.261 4 $b And i =100 ##$$a Andarini Trisnasari =245 ##$$a Imlek/ $c Andarini Trisnasari =260 ##$$a Banten : $b Talenta Pustaka Indonesia, $c 2009 =300 ##$$a vi,48 hlm. :$b ilus. ; $c 24 cm. =500 ##$$a Indeks : hlm. 46 =650 ##$$a Tahun Bartu Imlek =850 ##$$a NBPDMAT